000 00821cam a2200265 a 4500
999 _c20790
_d20790
001 433272
003 BDDh-ASL
005 20231015025933.0
008 810928s19811986ii af b 001 0 eng
010 _a 81161598
020 _cRs90.00
040 _aDLC
_cDLC
_dDLC
_dBDDh-ASL
043 _aa-ii---
050 0 0 _aDS486.D3
_bG85
082 0 0 _a954.5603
_219
_bGUD
100 1 _aGupta, Narayani.
245 1 0 _aDelhi between two empires, 1803-1931 :
_bsociety, government and urban growth /
_cNarayani Gupta.
260 _aDelhi :
_bOxford University Press,
_c1981.
300 _axiv, 260 p., [21] p. of plates :
_bill. ;
_c22 cm.
500 _aIncludes index.
504 _aBibliography: p. 243-252.
651 0 _aDelhi (India)
_xHistory.
906 _a7
_bcbc
_corignew
_d2
_encip
_f19
_gy-gencatlg
942 _2ddc
_cBK